|
|
|
|
| LEADER |
00000nas a2200000 4500 |
| 001 |
ssj0011255 |
| 003 |
WaSeSS |
| 005 |
20200512172242.0 |
| 006 |
m d |
| 007 |
cr n |
| 008 |
771102c19uu9999nyuuu p s 0 a0eng c |
| 010 |
|
|
|a sc 78000692
|
| 022 |
|
|
|l 0552-007X
|y 0552-007X
|
| 032 |
|
|
|a 733570
|b USPS
|
| 035 |
|
|
|a (WaSeSS)ssj0011255
|
| 037 |
|
|
|b The President, 135 West 50th St., New York, N.Y., 10020
|
| 040 |
|
|
|a NSD
|b eng
|c NSD
|d DLC
|d NSD
|d OCLCQ
|d OCLCO
|d OCLCQ
|d WaSeSS
|
| 042 |
|
|
|a nsdp
|a pcc
|
| 043 |
|
|
|a n-us---
|
| 222 |
|
4 |
|a The President
|b (New York)
|
| 245 |
0 |
4 |
|a The President
|h [electronic resource].
|
| 260 |
|
|
|a [New York],
|b [Presidents Association]
|
| 500 |
|
|
|a Newsletter of the Presidents Association.
|
| 506 |
|
|
|a License restrictions may limit access.
|
| 655 |
|
0 |
|a Electronic journals.
|
| 710 |
2 |
|
|a Presidents Association.
|
| 856 |
4 |
0 |
|z Full text available from Research Library: 01/01/1998 to 01/31/1998
|u https://search.proquest.com/publication/30189
|